000 00204 a2200109 4500
020 _a9789706424624
041 _aspa
100 _aSantillana
245 _aTextos Para Leer 1
942 _cBK
952 _71
999 _c23831
_d23831